Statistiken für KVB Köln: Linie 16

Klicken Sie hier um das Quiz zu spielen!

Allgemein

  • Dieses Quiz wurde 36 mal gespielt
  • Das Durchschnittsergebnis liegt bei 25 aus 49

Antwortstatistiken

Haltestelle% Korrekt
Bonn Hauptbahnhof
100%
Barbarossaplatz
89%
Dom/Hauptbahnhof
89%
Wesseling
84%
Breslauer Platz/Hauptbahnhof
84%
Rodenkirchen Bahnhof
84%
Bad Godesberg Bahnhof/Löbestraße
79%
Neumarkt
79%
Poststraße
79%
Chlodwigplatz
79%
Sürth Bahnhof
79%
Ebertplatz
74%
Ubierring
74%
Godorf Bahnhof
68%
Wesseling Süd
68%
Ulrepforte
68%
Niehl Sebastianstraße
63%
Appellhofplatz
63%
Eifelstraße
63%
Wesseling Nord
63%
Bad Godesberg Stadthalle
47%
Hersel
47%
Schönhauser Straße
47%
Heinrich-Lübke-Ufer
42%
Reichenspergerplatz
42%
Heussallee/Museumsmeile
42%
Universität/Markt
42%
Bayenthalgürtel
42%
Widdig
42%
Bonn West
42%
Siegstraße
42%
Michaelshoven
42%
Kinderkrankenhaus
37%
Uedorf
37%
Juridicum
37%
Urfeld
37%
Bundesrechnungshof/Auswärtiges Amt
32%
Museum Koenig
32%
Tannenbusch Mitte
32%
Tannenbusch Süd
32%
Amsterdamer Straße/Gürtel
32%
Ollenhauerstraße
26%
Max-Löbner-Straße/Friesdorf
26%
Hochkreuz
26%
Wurzerstraße
26%
Plittersdorfer Straße
26%
Propsthof Nord
26%
Olof-Palme-Allee
26%
Nesselrodestraße
0%

Verteilung der Resultate

Perzentil nach korrekt beantworteten Fragen

Anzahl Personen mit jedem Resultat

Ihre Resultats-Entwicklung

Sie haben dieses Quiz noch nicht gespielt